| 000 | 00399nam a22001457a 4500 | ||
|---|---|---|---|
| 999 |
_c522776 _d522776 |
||
| 005 | 20190121104626.0 | ||
| 008 | 190121b ||||| |||| 00| 0 eng d | ||
| 040 | _cDLC | ||
| 082 |
_a624.15136 _bRAM |
||
| 100 |
_aRamamurthy, T.N. _913078 |
||
| 245 |
_aGeotechnical Engineering / _cT.N. Ramamurthy |
||
| 260 |
_aNew Delhi. ; _bS. Chand and Comp _c2005 |
||
| 300 |
_a289p. : _c25cm. |
||
| 942 |
_2ddc _cBK |
||